21世紀 日本シリーズ先発投手 - Statistics

General Stats
  • This quiz has been taken 27 times
  • The average score is 67 of 143
Answer Stats
試合 所属 Answer % Correct
2003 2 ダイエー 杉内俊哉
86%
2003 3 ダイエー 和田毅
86%
2006 1 日本ハム ダルビッシュ
86%
2013 2 楽天 田中将大
86%
2002 1 巨人 上原浩治
81%
2003 1 阪神 井川慶
81%
2010 1 中日 吉見一起
81%
2013 2 巨人 菅野智之
81%
2014 1 阪神 メッセンジャー
81%
2015 1 ヤクルト 石川雅規
81%
2015 2 ヤクルト 小川泰弘
81%
2016 1 日本ハム 大谷翔平
81%
2018 1 広島 大瀬良大地
81%
2021 1 オリックス 山本由伸
81%
2023 4 阪神 才木浩人
81%
2004 1 中日 川上憲伸
76%
2016 3 日本ハム 有原航平
76%
2017 2 横浜 今永昇太
76%
2024 3 横浜 東克樹
76%
2008 1 西武 涌井秀章
71%
2013 1 楽天 則本昂大
71%
2014 2 阪神 能見篤史
71%
2023 1 阪神 村上頌樹
71%
2024 2 ソフトバンク モイネロ
71%
2025 2 ソフトバンク 上沢直之
71%
2003 1 ダイエー 斉藤和巳
67%
2005 2 ロッテ 渡辺俊介
67%
2008 4 巨人 グライシンガー
67%
2014 3 阪神 藤浪晋太郎
67%
2017 2 ソフトバンク 東浜巨
67%
2021 2 オリックス 宮城大弥
67%
2023 5 阪神 大竹耕太郎
67%
2024 1 横浜 ジャクソン
67%
2001 2 近鉄 岩隈久志
62%
2002 1 西武 松坂大輔
62%
2005 2 阪神 安藤優也
62%
2006 3 日本ハム 武田勝
62%
2007 4 日本ハム 吉川光夫
62%
2008 3 巨人 内海哲也
62%
2010 1 ロッテ 成瀬善久
62%
2010 2 中日 チェン
62%
2011 3 中日 ネルソン
62%
2011 3 ソフトバンク 攝津正
62%
2013 3 楽天 美馬学
62%
2016 2 広島 野村祐輔
62%
2017 1 ソフトバンク 千賀滉大
62%
2024 2 横浜 大貫晋一
62%
2024 4 横浜 ケイ
62%
2025 2 阪神 デュプランティエ
62%
2001 1 ヤクルト 石井一久
57%
2002 4 巨人 高橋尚成
57%
2008 4 西武 岸孝之
57%
2014 1 ソフトバンク スタンリッジ
57%
2014 2 ソフトバンク 武田翔太
57%
2016 1 広島 ジョンソン
57%
2023 3 阪神 伊藤将司
57%
2023 7 阪神 青柳晃洋
57%
2025 4 阪神 高橋遥人
57%
2002 2 巨人 桑田真澄
52%
2002 4 西武 西口文也
52%
2003 5 阪神 下柳剛
52%
2004 4 中日 山井大介
52%
2005 1 ロッテ 清水直行
52%
2016 3 広島 黒田博樹
52%
2021 1 ヤクルト 奥川恭伸
52%
2024 5 ソフトバンク 大関友久
52%
2002 3 巨人 工藤公康
48%
2006 4 日本ハム 金村暁
48%
2006 4 中日 中田賢一
48%
2009 1 巨人 ゴンザレス
48%
2009 6 巨人 東野峻
48%
2015 4 ヤクルト 館山昌平
48%
2017 5 横浜 石田健大
48%
2019 1 巨人 山口俊
48%
2019 3 巨人 高橋優貴
48%
2020 2 ソフトバンク 石川柊太
48%
2021 2 ヤクルト 高橋奎二
48%
2021 3 オリックス 田嶋大樹
48%
2023 2 阪神 西勇輝
48%
2005 3 ロッテ 小林宏之
43%
2011 4 ソフトバンク ホールトン
43%
2014 3 ソフトバンク 大隣憲司
43%
2017 1 横浜 井納翔一
43%
2017 3 横浜 ウィーランド
43%
2018 3 広島 九里亜蓮
43%
2019 2 ソフトバンク 高橋礼
43%
2021 5 オリックス 山崎福也
43%
2022 2 ヤクルト サイスニード
43%
2001 2 ヤクルト 藤井秀悟
38%
2003 3 阪神 ムーア
38%
2004 2 中日 山本昌広
38%
2006 3 中日 朝倉健太
38%
2015 2 ソフトバンク バンデンハーク
38%
2017 4 横浜 濵口遥大
38%
2020 3 ソフトバンク ムーア
38%
2004 3 西武 帆足和幸
33%
2007 4 中日 小笠原孝
33%
2012 2 巨人 澤村拓一
33%
2016 2 日本ハム 増井浩俊
33%
2016 4 日本ハム 高梨裕稔
33%
2016 4 広島 岡田明丈
33%
2019 2 巨人 メルセデス
33%
2022 4 オリックス 山岡泰輔
33%
2005 4 ロッテ セラフィニ
29%
2006 2 日本ハム 八木智哉
29%
2014 4 阪神 岩田稔
29%
2018 3 ソフトバンク ミランダ
29%
2020 3 巨人 サンチェス
29%
2021 4 オリックス 山崎颯一郎
29%
2023 3 オリックス 東晃平
29%
2024 3 ソフトバンク スチュワート・ジュニア
29%
2025 4 ソフトバンク 大津亮介
29%
2001 1 近鉄 パウエル
24%
2002 2 西武 石井貴
24%
2007 2 日本ハム グリン
24%
2010 4 ロッテ 唐川侑己
24%
2011 5 ソフトバンク 山田大樹
24%
2012 4 日本ハム 中村勝
24%
2012 4 巨人 宮國椋丞
24%
2013 5 楽天 辛島航
24%
2016 5 日本ハム 加藤貴之
24%
2020 2 巨人 今村信貴
24%
2022 5 ヤクルト 山下輝
24%
2001 4 近鉄 前川勝彦
19%
2003 2 阪神 伊良部秀輝
19%
2004 3 中日 ドミンゴ
19%
2009 3 巨人 オビスポ
19%
2010 2 ロッテ マーフィー
19%
2012 3 日本ハム ウルフ
19%
2001 3 近鉄 バーグマン
14%
2001 5 ヤクルト ホッジス
14%
2003 4 ダイエー ナイト
14%
2005 4 阪神 杉山直久
14%
2009 3 日本ハム 糸数
14%
2010 5 ロッテ ペン
14%
2013 4 楽天 ハウザー
14%
2015 3 ヤクルト 杉浦稔大
10%
2020 4 巨人 畠世周
10%
2021 5 ヤクルト 原樹理
10%
2011 4 中日 川井雄太
5%
2001 3 ヤクルト 入来智
0%
2001 4 ヤクルト 前田浩継
0%
2002 3 西武 張誌家
0%
No matching quizzes found
Score Distribution
Percent of People with Each Score
Percentile by Number Answered
Your Score History
You have not taken this quiz